The first national RICS research conference. Trends, techniques and technologies. Held at Barbican Centre and City University 10-11 January 1991 (Record no. 90773)

MARC details
000 -LEADER
fixed length control field 00978cam a2200265 4500
001 - CONTROL NUMBER
control field M27
008 - FIXED-LENGTH DATA ELEMENTS--GENERAL INFORMATION
fixed length control field 090401t1991 xxu||||| |||| 00| 0 eng d
035 ## - SYSTEM CONTROL NUMBER
System control number (Sirsi) u39436
041 ## - LANGUAGE CODE
Language code of text/sound track or separate title eng
050 ## - LIBRARY OF CONGRESS CALL NUMBER
Classification number 333.0072
090 ## - LOCALLY ASSIGNED LC-TYPE CALL NUMBER (OCLC); LOCAL CALL NUMBER (RLIN)
Classification number (OCLC) (R) ; Classification number, CALL (RLIN) (NR) RICS 1991/19ABC
110 ## - MAIN ENTRY--CORPORATE NAME
Corporate name or jurisdiction name as entry element Institution and College Conferences
9 (RLIN) 2330
245 #4 - TITLE STATEMENT
Title The first national RICS research conference. Trends, techniques and technologies. Held at Barbican Centre and City University 10-11 January 1991
260 ## - PUBLICATION, DISTRIBUTION, ETC.
Place of publication, distribution, etc. London
Name of publisher, distributor, etc. ICC
Date of publication, distribution, etc. 1991
300 ## - PHYSICAL DESCRIPTION
Extent 4 items
350 ## - PRICE (NR) (BK AM CF MU VM SE) [OBSOLETE]
Price 0
520 ## - SUMMARY, ETC.
Summary, etc. Archive copy contains synopses of 32 papers, programme, attendance list and biographical details of speakers. B copy contains synopses only.. No full papers were printed.
650 ## - SUBJECT ADDED ENTRY--TOPICAL TERM
Topical term or geographic name entry element BUILDING INDUSTRY
650 ## - SUBJECT ADDED ENTRY--TOPICAL TERM
Topical term or geographic name entry element MANAGEMENT-BUSINESS MANAGEMENT-INFORMATION MANAGEMENT
650 ## - SUBJECT ADDED ENTRY--TOPICAL TERM
Topical term or geographic name entry element PROPERTY
650 ## - SUBJECT ADDED ENTRY--TOPICAL TERM
Topical term or geographic name entry element RESEARCH
710 ## - ADDED ENTRY--CORPORATE NAME
Corporate name or jurisdiction name as entry element Royal Institution of Chartered Surveyors
9 (RLIN) 4900
942 ## - ADDED ENTRY ELEMENTS (KOHA)
Suppress in OPAC 0
948 ## - LOCAL PROCESSING INFORMATION (OCLC); SERIES PART DESIGNATOR (RLIN)
c (OCLC) 04/03/1997
Holdings
Withdrawn status Lost status Source of classification or shelving scheme Damaged status Not for loan Home library Current library Shelving location Date acquired Total Checkouts Full call number Barcode Date last seen Copy number Price effective from Koha item type
    Dewey Decimal Classification     London London RICS Boxes 16/08/1991   RICS 1991/19 30022612 06/08/2019 1 06/08/2019 Archive
    Dewey Decimal Classification     London London RICS Boxes 19/08/1991   RICS 1991/19 30031559 06/08/2019 2 06/08/2019 Book
    Dewey Decimal Classification     London London RICS Boxes 23/03/1993   RICS 1991/19 30043970 06/08/2019 3 06/08/2019 Reference material